[Event "Barcelona Sant Marti op-B 22nd"]
[Site "Barcelona"]
[Date "2022.07.15"]
[Round "3"]
[White "Todts, Benny"]
[Black "Plantada Siurans, Estanislau"]
[Result "1-0"]
[WhiteElo "1861"]
[BlackElo "1559"]
[PlyCount "99"]
[EventDate "2022.07.13"]
[EventType "swiss"]
[EventRounds "9"]
[EventCountry "ESP"]
[SourceTitle "CBM 210 Extra"]
[Source "ChessBase"]
[SourceDate "2022.11.30"]
[SourceVersion "1"]
[SourceVersionDate "2022.11.30"]
[SourceQuality "1"]

1. d4 Nf6 2. c4 e6 3. Nc3 Bb4 4. Bf4 0-0 5. e3 d5 6. Nf3 Ne4 7. Qc2 g5 8. Bg3 f5 9. cxd5 c6 10. dxe6 Bxe6 11. Bd3 Bd5 12. 0-0 Qe7 13. Bxe4 fxe4 14. Nd2 Bxc3 15. bxc3 Nd7 16. c4 Bf7 17. Qxe4 Qb4 18. Qd3 Bg6 19. e4 Qe7 20. f3 Rad8 21. Qe3 h5 22. c5 Rf7 23. Nc4 b6 24. cxb6 axb6 25. Qb3 Kh7 26. Ne5 Nxe5 27. Bxe5 h4 28. Rac1 c5 29. Qxb6 cxd4 30. Rc7 Rd7 31. Rxd7 Qxd7 32. Qxd4 Qe7 33. a4 h3 34. Qd6 Qa7+ 35. Qd4 Qa6 36. gxh3 Qe6 37. Kg2 Rd7 38. Qb2 Re7 39. Bf6 Rf7 40. e5 Rc7 41. Qb8 Rc8 42. Qa7+ Kh6 43. Qe3 Qf5 44. h4 Rc2+ 45. Kg1 Bf7 46. Qxg5+ Qxg5+ 47. hxg5+ Kg6 48. Ra1 Kh5 49. a5 Kh4 50. g6+ 1-0

[Event "Barcelona Sants op 21st"]
[Site "Barcelona"]
[Date "2019.08.23"]
[Round "1"]
[White "Ranieri, Pierpaolo"]
[Black "Todts, Benny"]
[Result "1-0"]
[WhiteElo "1706"]
[BlackElo "1932"]
[PlyCount "71"]
[EventDate "2019.08.23"]
[EventType "swiss"]
[EventRounds "10"]
[EventCountry "ESP"]
[SourceTitle "EXT 2020"]
[Source "ChessBase"]
[SourceDate "2019.10.17"]
[SourceVersion "1"]
[SourceVersionDate "2019.10.17"]
[SourceQuality "1"]

1. d4 c5 2. e3 d5 3. Nf3 Nc6 4. c3 Bf5 5. Qb3 Qd7 6. Bb5 e6 7. Ne5 Qc7 8. Qa4 Nge7 9. Nd2 f6 10. Nd3 Bxd3 11. Bxd3 c4 12. Be2 Ng6 13. e4 Nf4 14. Bf1 Bd6 15. g3 Nd3+ 16. Bxd3 cxd3 17. Qb5 dxe4 18. Nxe4 0-0-0 19. Qxd3 f5 20. Nxd6+ Qxd6 21. Bf4 Qd5 22. 0-0 g5 23. Bxg5 Ne5 24. c4 Nf3+ 25. Kh1 Qc6 26. Bxd8 Nxd4+ 27. f3 Rxd8 28. Rad1 e5 29. b3 h5 30. Qe3 Qf6 31. f4 exf4 32. Rxf4 Nc2 33. Qc5+ Kb8 34. Rxd8+ Qxd8 35. Qe5+ Ka8 36. Qxf5 1-0

[Event "Berlin Spandau op"]
[Site "Berlin"]
[Date "2018.12.27"]
[Round "2"]
[White "Neuman, Petr"]
[Black "Todts, Benny"]
[Result "1-0"]
[WhiteElo "2432"]
[BlackElo "1987"]
[PlyCount "62"]
[EventDate "2018.12.27"]
[EventType "swiss"]
[EventRounds "7"]
[EventCountry "GER"]
[SourceTitle "CBM 188 Extra"]
[Source "ChessBase"]
[SourceDate "2019.02.26"]
[SourceVersion "1"]
[SourceVersionDate "2019.02.26"]
[SourceQuality "1"]

1. d4 c5 2. d5 Nf6 3. c4 b5 4. cxb5 a6 5. f3 d6 6. e4 g6 7. a4 Bg7 8. Na3 0-0 9. Ne2 axb5 10. Nxb5 Na6 11. Nec3 Nb4 12. Bg5 h6 13. Be3 Nd7 14. Be2 h5 15. 0-0 Ne5 16. h3 Qa5 17. f4 Nd7 18. g4 hxg4 19. hxg4 Ba6 20. Kg2 Rfc8 21. Rh1 Bxb5 22. Bxb5 Nb6 23. Bd2 Qa7 24. Rh4 c4 25. Qf3 Nd3 26. Rah1 Nd7 27. Be3 N7c5 28. Qh3 f6 29. f5 Ne5 30. Rh7 e6 31. dxe6 Qb7 1-0

[Event "Flemish-ch"]
[Site "Ghent"]
[Date "2018.05.11"]
[Round "3"]
[White "Bomans, Arno"]
[Black "Todts, Benny"]
[Result "1-0"]
[WhiteElo "2262"]
[BlackElo "1949"]
[PlyCount "51"]
[EventDate "2018.05.10"]
[EventType "swiss"]
[EventRounds "7"]
[EventCountry "BEL"]
[SourceTitle "CBM 184 Extra"]
[Source "ChessBase"]
[SourceDate "2018.06.28"]
[SourceVersion "1"]
[SourceVersionDate "2018.06.28"]
[SourceQuality "1"]

1. e4 c5 2. Nf3 Nc6 3. d4 cxd4 4. Nxd4 Nf6 5. Nc3 e5 6. Ndb5 d6 7. Bg5 a6 8. Na3 Be7 9. Bxf6 Bxf6 10. Nd5 Bg5 11. Nc4 b5 12. Nce3 0-0 13. c3 Be6 14. a4 b4 15. c4 a5 16. Bd3 Nd4 17. b3 g6 18. h4 Bxh4 19. g3 Bf6 20. Ra2 Bg7 21. f4 f5 22. Rah2 fxe4 23. Bxe4 exf4 24. Rxh7 fxe3 25. Rxg7+ Kxg7 26. Qxd4+ 1-0

[Event "Flemish-ch"]
[Site "Ghent"]
[Date "2017.05.27"]
[Round "6"]
[White "Todts, Benny"]
[Black "Draftian, Ashote"]
[Result "0-1"]
[WhiteElo "1956"]
[BlackElo "2242"]
[PlyCount "60"]
[EventDate "2017.05.25"]
[EventType "swiss"]
[EventRounds "7"]
[EventCountry "BEL"]
[SourceTitle "CBM 178 Extra"]
[Source "ChessBase"]
[SourceDate "2017.06.22"]
[SourceVersion "1"]
[SourceVersionDate "2017.06.22"]
[SourceQuality "1"]

1. e4 c5 2. d4 cxd4 3. Nf3 e6 4. Nxd4 a6 5. Be3 Nf6 6. Bd3 Nc6 7. 0-0 Qc7 8. Nd2 d5 9. c4 Nxd4 10. Bxd4 e5 11. Be3 d4 12. Bg5 Nd7 13. Qa4 f6 14. Bh4 g5 15. Bg3 Kf7 16. b4 b6 17. Nb3 Bb7 18. Nxd4 Qd6 19. Nf3 Qxd3 20. Rad1 Qxe4 21. Qxd7+ Be7 22. Rfe1 Rhd8 23. Qc7 Rxd1 24. Rxd1 g4 25. Nh4 Rd8 26. Rf1 Qc6 27. Qxc6 Bxc6 28. a3 Rd3 29. Ra1 Ke6 30. Kf1 Rc3 0-1

[Event "Brasschaat op 07th"]
[Site "Brasschaat"]
[Date "2007.08.19"]
[Round "?"]
[White "Viaene, Jan"]
[Black "Todts, Benny"]
[Result "1-0"]
[WhiteElo "1823"]
[BlackElo "2039"]
[PlyCount "49"]
[EventDate "2007.08.18"]
[EventType "swiss"]
[EventRounds "9"]
[EventCountry "BEL"]
[SourceTitle "CBM 120 Extra"]
[Source "ChessBase"]
[SourceDate "2007.11.01"]
[SourceVersion "1"]
[SourceVersionDate "2007.11.01"]
[SourceQuality "1"]

1. e4 c5 2. Nf3 Nc6 3. d4 cxd4 4. Nxd4 Nf6 5. Nc3 e5 6. Ndb5 d6 7. Bg5 a6 8. Na3 b5 9. Nd5 Be7 10. Bxf6 Bxf6 11. c3 Bg5 12. Bd3 Be6 13. 0-0 0-0 14. Nc2 f5 15. f4 fxe4 16. Bxe4 exf4 17. Nxf4 Bxf4 18. Bxc6 Qb6+ 19. Nd4 Be3+ 20. Kh1 Rxf1+ 21. Qxf1 Rf8 22. Qe2 Bxd4 23. Qxe6+ Kh8 24. Qe7 Rc8 25. Be8 1-0

[Event "Charleroi op"]
[Site "Charleroi"]
[Date "2007.07.29"]
[Round "2"]
[White "Todts, Benny"]
[Black "Van Mechelen, Jan"]
[Result "0-1"]
[WhiteElo "1951"]
[BlackElo "2292"]
[PlyCount "102"]
[EventDate "2007.07.28"]
[EventType "swiss"]
[EventRounds "5"]
[EventCountry "BEL"]
[SourceTitle "EXT 2008"]
[Source "ChessBase"]
[SourceDate "2007.11.25"]
[SourceVersion "1"]
[SourceVersionDate "2007.11.25"]
[SourceQuality "1"]

1. e4 c5 2. d4 cxd4 3. Nf3 d6 4. Nxd4 Nf6 5. Nc3 a6 6. Bg5 e6 7. f4 Be7 8. Qf3 Qa5 9. Bd3 Bd7 10. Nb3 Qc7 11. 0-0 Nc6 12. Rae1 Rc8 13. Qg3 h6 14. Qh4 Rg8 15. Bxf6 Bxf6 16. Qg3 b5 17. e5 dxe5 18. fxe5 Bxe5 19. Qf3 Rf8 20. Qh5 Bxc3 21. bxc3 Ne7 22. Kh1 Qd6 23. Nd2 Qd5 24. Re5 Qxa2 25. Ne4 Rc6 26. Nc5 Bc8 27. Be4 Rd6 28. Bd3 Qa3 29. Qg4 g6 30. Ne4 Rc6 31. Nf6+ Kd8 32. Rd1 Rd6 33. Ne4 Rd5 34. Qf4 Bd7 35. Rxd5 Nxd5 36. Qh4+ Kc8 37. Qxh6 Rd8 38. Qg7 f5 39. Ng5 Qxc3 40. Qxg6 Nf4 41. Qf7 Qe5 42. Nf3 Qe3 43. Re1 Qf2 44. Qg7 Bc6 45. Rf1 Qc5 46. Qh6 Qd6 47. Ne1 Nxd3 48. Nxd3 Be4 49. Qg7 Rd7 50. Qg8+ Kc7 51. Qh8 Qd4 0-1

[Event "BEL-ch op"]
[Site "Namur"]
[Date "2007.07.02"]
[Round "3.5"]
[White "Todts, Benny"]
[Black "Dal Borgo, Albin"]
[Result "0-1"]
[WhiteElo "1991"]
[BlackElo "2169"]
[PlyCount "118"]
[EventDate "2007.06.30"]
[EventType "swiss"]
[EventRounds "9"]
[EventCountry "BEL"]
[SourceTitle "CBM 119 Extra"]
[Source "ChessBase"]
[SourceDate "2007.09.04"]
[SourceVersion "1"]
[SourceVersionDate "2007.09.04"]
[SourceQuality "1"]

1. e4 e5 2. d4 exd4 3. Nf3 Nc6 4. Bc4 Nf6 5. 0-0 Nxe4 6. Re1 d5 7. Bxd5 Qxd5 8. Nc3 Qh5 9. Nxe4 Be6 10. Bg5 Bd6 11. Qd2 0-0 12. Nxd6 cxd6 13. Bf4 Qc5 14. b4 Qxb4 15. Qxb4 Nxb4 16. Nxd4 Rfd8 17. a3 Nd5 18. Bg5 Rd7 19. Nxe6 fxe6 20. Rxe6 Kf7 21. Re4 Rc8 22. Re2 Nc3 23. Re3 Nb5 24. Rc1 Nd4 25. c3 Ne6 26. Bh4 d5 27. f4 Nd4 28. Re5 g6 29. Rd1 Nf5 30. Be1 Re8 31. Rxe8 Kxe8 32. Bf2 b5 33. Re1+ Kf7 34. Re5 Ne7 35. Bc5 Nc6 36. Re1 Na5 37. Rb1 a6 38. Rb4 Nc6 39. Rb1 d4 40. Rd1 d3 41. Kf2 Na5 42. Bd4 Nc4 43. Rxd3 Nxa3 44. Rh3 Ke6 45. g4 Kd5 46. f5 gxf5 47. gxf5 Nc2 48. Bb6 Rf7 49. Rf3 Ke5 50. Ke2 Rxf5 51. Rh3 h5 52. Kd3 Na3 53. Re3+ Kd5 54. Bd4 Nc4 55. Re8 a5 56. Rb8 Nd6 57. Ra8 a4 58. Ra5 Rf3+ 59. Be3 Rxe3+ 0-1

[Event "BEL-ch op"]
[Site "Namur"]
[Date "2007.06.30"]
[Round "1.26"]
[White "Todts, Benny"]
[Black "Charlier, Pascal"]
[Result "1-0"]
[WhiteElo "1991"]
[BlackElo "1598"]
[PlyCount "37"]
[EventDate "2007.06.30"]
[EventType "swiss"]
[EventRounds "9"]
[EventCountry "BEL"]
[SourceTitle "CBM 119 Extra"]
[Source "ChessBase"]
[SourceDate "2007.09.04"]
[SourceVersion "1"]
[SourceVersionDate "2007.09.04"]
[SourceQuality "1"]

1. e4 e5 2. d4 exd4 3. Nf3 Nc6 4. Bc4 Bb4+ 5. c3 dxc3 6. bxc3 Bc5 7. 0-0 d6 8. Bg5 Nge7 9. Nbd2 0-0 10. Nb3 Bb6 11. Nbd4 Ne5 12. Bb3 Bg4 13. h3 Bh5 14. g4 Bg6 15. Nf5 Bxf5 16. exf5 Nxf3+ 17. Qxf3 Qd7 18. f6 gxf6 19. Qxf6 1-0

[Event "Ghent VSF-chA"]
[Site "Ghent"]
[Date "2007.05.19"]
[Round "4"]
[White "Hamblok, Roel"]
[Black "Todts, Benny"]
[Result "1/2-1/2"]
[WhiteElo "1943"]
[BlackElo "1951"]
[PlyCount "101"]
[EventDate "2007.05.17"]
[EventType "swiss"]
[EventRounds "7"]
[EventCountry "BEL"]
[SourceTitle "EXT 2009"]
[Source "ChessBase"]
[SourceDate "2008.11.26"]
[SourceVersion "1"]
[SourceVersionDate "2008.11.26"]
[SourceQuality "1"]

1. e4 e6 2. d4 d5 3. Nc3 Bb4 4. e5 c5 5. Bd2 Ne7 6. Nb5 Bxd2+ 7. Qxd2 0-0 8. f4 a6 9. Nd6 cxd4 10. Nf3 Nbc6 11. Nxd4 f6 12. exf6 Rxf6 13. Nxc8 Rxc8 14. 0-0-0 Qc7 15. Nxc6 Nxc6 16. g3 Nb4 17. Kb1 Qc5 18. c3 Nc6 19. Bh3 Rd8 20. Rhe1 Qd6 21. Bg2 h6 22. Re3 Na5 23. Rd3 Qb6 24. Rd4 Rc8 25. Bf1 Qc7 26. Qe3 b5 27. Bh3 Qc6 28. Re1 Re8 29. b3 Nb7 30. g4 Nd6 31. Bg2 a5 32. Qd2 Qc7 33. h4 a4 34. f5 axb3 35. axb3 Ra8 36. Rxe6 Qa7 37. Qb2 Ne4 38. Rxf6 Nxf6 39. Bf3 Ne4 40. Bxe4 dxe4 41. Kc2 Rc8 42. Kd2 Qc7 43. Qc2 Qf4+ 44. Kd1 Qxg4+ 45. Qe2 Qg3 46. Rxe4 Rxc3 47. f6 Qg1+ 48. Qe1 Qxe1+ 49. Kxe1 gxf6 50. Rb4 Rc5 51. Kd2 1/2-1/2

[Event "BEL-chT 0607"]
[Site "Belgium"]
[Date "2007.03.25"]
[Round "11"]
[White "Becker, Marcel"]
[Black "Todts, Benny"]
[Result "1-0"]
[WhiteElo "2381"]
[BlackElo "1966"]
[PlyCount "67"]
[EventDate "2006.10.01"]
[EventType "team-tourn"]
[EventRounds "11"]
[EventCountry "BEL"]
[SourceTitle "EXT 2008"]
[Source "ChessBase"]
[SourceDate "2007.11.25"]
[SourceVersion "1"]
[SourceVersionDate "2007.11.25"]
[SourceQuality "1"]
[WhiteTeam "KSK47 Eynatten II"]
[BlackTeam "KBSK Brugge II"]
[WhiteTeamCountry "BEL"]
[BlackTeamCountry "BEL"]

1. d4 e6 2. c4 d5 3. Nf3 Nf6 4. Bg5 c6 5. e3 Bd6 6. Nc3 Nbd7 7. Bd3 0-0 8. 0-0 b6 9. e4 dxe4 10. Nxe4 Be7 11. Nxf6+ Bxf6 12. Bxf6 Qxf6 13. Qc2 g6 14. c5 Bb7 15. Rfe1 Rfd8 16. b4 a5 17. a3 axb4 18. axb4 Rxa1 19. Rxa1 e5 20. Nd2 exd4 21. Ra7 Bc8 22. Ne4 Qe7 23. b5 Qe5 24. Qa2 Qf4 25. bxc6 Ne5 26. c7 Re8 27. Qa4 Bd7 28. Qxd4 bxc5 29. Qe3 Qxe3 30. fxe3 Kg7 31. Nxc5 Bc8 32. Bb5 Re7 33. Na4 Re6 34. Ra8 1-0

[Event "Brasschaat op 05th"]
[Site "Brasschaat"]
[Date "2005.08.27"]
[Round "9"]
[White "Dardha, Arben"]
[Black "Todts, Benny"]
[Result "1-0"]
[WhiteElo "2317"]
[BlackElo "1950"]
[PlyCount "73"]
[EventDate "2005.08.20"]
[EventType "swiss"]
[EventRounds "9"]
[EventCountry "BEL"]
[SourceTitle "CBM 108 Extra"]
[Source "ChessBase"]
[SourceDate "2005.11.04"]
[SourceVersion "1"]
[SourceVersionDate "2005.11.04"]
[SourceQuality "1"]

1. e4 e6 2. d4 d5 3. Nd2 Nf6 4. e5 Nfd7 5. Bd3 c5 6. c3 Nc6 7. Ne2 Qb6 8. Nf3 Be7 9. 0-0 0-0 10. Nf4 Re8 11. h4 cxd4 12. cxd4 Nf8 13. Re1 Bd7 14. b3 f6 15. exf6 Bxf6 16. Bb2 Rad8 17. Qd2 Bc8 18. Nh5 Be7 19. Rac1 Qb4 20. Qf4 Qd6 21. Ne5 Nxe5 22. dxe5 Qb4 23. Qg3 g6 24. Nf4 Kh8 25. Re3 Bc5 26. Rf3 Bd4 27. Bxd4 Qxd4 28. Bxg6 Qxe5 29. Bf7 Qg7 30. Qxg7+ Kxg7 31. Bxe8 Rxe8 32. Rc7+ Kh8 33. Nh5 e5 34. Nf6 Rd8 35. Rg3 Nd7 36. Nxd5 Re8 37. Rgc3 1-0

[Event "Vlissingen HZ op 09th"]
[Site "Vlissingen"]
[Date "2005.08.09"]
[Round "4"]
[White "Verduyn, Frederic"]
[Black "Todts, Benny"]
[Result "1-0"]
[WhiteElo "2288"]
[BlackElo "2059"]
[PlyCount "33"]
[EventDate "2005.08.06"]
[EventType "swiss"]
[EventRounds "9"]
[EventCountry "NED"]
[SourceTitle "CBM 107 Extra"]
[Source "ChessBase"]
[SourceDate "2005.09.01"]
[SourceVersion "1"]
[SourceVersionDate "2005.09.01"]
[SourceQuality "1"]

1. Nf3 e6 2. c4 d5 3. d4 Nf6 4. Nc3 c5 5. cxd5 exd5 6. Bg5 Be6 7. e3 Be7 8. dxc5 Nc6 9. Rc1 Bxc5 10. Bd3 0-0 11. 0-0 Re8 12. Nb5 Be7 13. Nbd4 Qd7 14. Bb5 Rec8 15. Ne5 Qd6 16. Nexc6 bxc6 17. Bxc6 1-0

[Event "BEL-ch opB"]
[Site "Westerlo"]
[Date "2004.07.??"]
[Round "7"]
[White "Van Mechelen, Jan"]
[Black "Todts, Benny"]
[Result "1-0"]
[WhiteElo "2308"]
[BlackElo "2016"]
[PlyCount "79"]
[EventDate "2004.07.??"]
[EventType "swiss"]
[EventRounds "9"]
[EventCountry "BEL"]
[SourceTitle "EXT 2005"]
[Source "ChessBase"]
[SourceDate "2004.11.15"]
[SourceVersion "1"]
[SourceVersionDate "2004.11.15"]
[SourceQuality "1"]

1. Nf3 Nf6 2. c4 d5 3. cxd5 Nxd5 4. d4 Bg4 5. Ne5 Bf5 6. Qb3 Nc6 7. Nxc6 bxc6 8. Nc3 e6 9. e4 Rb8 10. Qc4 Nb4 11. exf5 Nc2+ 12. Kd1 Nxa1 13. Qxc6+ Qd7 14. Bb5 Qxc6 15. Bxc6+ Ke7 16. Re1 Kf6 17. fxe6 fxe6 18. d5 e5 19. Nb5 Bc5 20. f4 Bd6 21. Bd2 exf4 22. Bc3+ Kg5 23. Nd4 Bb4 24. Kd2 Bxc3+ 25. Kxc3 Kg6 26. Ne6 Kh6 27. Rxa1 g5 28. Re1 Rb6 29. Re4 Kg6 30. Nxc7 Kf5 31. Re7 h5 32. Nb5 a6 33. Nd4+ Kf6 34. Re6+ Kg7 35. b4 Rf8 36. Re5 Kg6 37. Kc4 g4 38. Be8+ Kg7 39. Rg5+ Kf6 40. Rg6+ 1-0

[Event "Vlaams-ch"]
[Site "Bilzen"]
[Date "2004.05.30"]
[Round "6"]
[White "Sarrau, Jelle"]
[Black "Todts, Benny"]
[Result "1/2-1/2"]
[WhiteElo "1549"]
[BlackElo "2016"]
[PlyCount "141"]
[EventDate "2004.05.20"]
[EventType "swiss"]
[EventRounds "7"]
[EventCountry "BEL"]
[SourceTitle "EXT 2006"]
[Source "ChessBase"]
[SourceDate "2005.11.24"]
[SourceVersion "1"]
[SourceVersionDate "2005.11.24"]
[SourceQuality "1"]

1. d4 c5 2. e3 d5 3. Nf3 Nc6 4. c3 Bf5 5. Qb3 Qd7 6. Bb5 e6 7. Ne5 Qc7 8. f4 Bd6 9. Nd2 f6 10. Nxc6 bxc6 11. Be2 Ne7 12. Nf3 0-0 13. h3 Be4 14. 0-0 h6 15. dxc5 Bxc5 16. Nd4 Qd7 17. Bg4 f5 18. Bf3 Ng6 19. Bxe4 fxe4 20. Qa4 Rac8 21. b4 Bb6 22. Qd1 e5 23. fxe5 Nxe5 24. Rxf8+ Rxf8 25. Bd2 Nd3 26. Be1 Bc7 27. Ne2 Qf5 28. Ng3 Qg5 29. Nf1 Rf3 30. h4 Qg4 31. Qe2 Qg6 32. Rd1 Rf6 33. a3 Ne5 34. Rd2 Nc4 35. Ra2 Rf3 36. Bf2 Be5 37. Be1 Rf7 38. a4 Qf6 39. Rc2 a5 40. Nh2 Qd6 41. Nf1 Ra7 42. Ra2 Qf6 43. Nh2 Bxh2+ 44. Kxh2 Qe5+ 45. Kg1 Nd6 46. Qg4 Nf5 47. Qf4 Qxf4 48. exf4 axb4 49. cxb4 d4 50. g4 Ne7 51. a5 Ra6 52. Kg2 Kf7 53. Re2 e3 54. Kf3 Nd5 55. Ke4 d3 56. Rxe3 Nxe3 57. Kxe3 Ke6 58. Kxd3 Kd5 59. Bf2 g6 60. Be3 h5 61. gxh5 gxh5 62. f5 Ke5 63. Kc4 Kxf5 64. Kc5 Ke6 65. b5 cxb5 66. Kxb5 Ra8 67. a6 Kd7 68. Bf4 Rf8 69. a7 Rf5+ 70. Kb6 Rf6+ 71. Kb5 1/2-1/2